000
00261nam a2200097Ia 4500
082
_a
305 WELS
245
0
_a
EMBT arquitectes
100
_a
Asensio Cerver, Francisco West Byfleet, 2003
_9
82811
942
_c
BK
008
210817s9999 xx 000 0 und d
999
_c
300329
_d
300327